|
|
|
|
| LEADER |
04586nam a22003973i 4500 |
| 001 |
EBC6955749 |
| 003 |
MiAaPQ |
| 005 |
20231204023222.0 |
| 006 |
m o d | |
| 007 |
cr cnu|||||||| |
| 008 |
231204s2015 xx o ||||0 ger d |
| 020 |
|
|
|a 9783839408032
|q (electronic bk.)
|
| 020 |
|
|
|z 9783899428032
|
| 035 |
|
|
|a (MiAaPQ)EBC6955749
|
| 035 |
|
|
|a (Au-PeEL)EBL6955749
|
| 035 |
|
|
|a (OCoLC)1049913917
|
| 040 |
|
|
|a MiAaPQ
|b eng
|e rda
|e pn
|c MiAaPQ
|d MiAaPQ
|
| 100 |
1 |
|
|a Hasselmann, Kristiane.
|
| 245 |
1 |
4 |
|a Die Rituale der Freimaurer :
|b Zur Konstitution eines bürgerlichen Habitus im England des 18. Jahrhunderts.
|
| 250 |
|
|
|a 1st ed.
|
| 264 |
|
1 |
|a Bielefeld :
|b transcript,
|c 2015.
|
| 264 |
|
4 |
|c {copy}2015.
|
| 300 |
|
|
|a 1 online resource (377 pages)
|
| 336 |
|
|
|a text
|b txt
|2 rdacontent
|
| 337 |
|
|
|a computer
|b c
|2 rdamedia
|
| 338 |
|
|
|a online resource
|b cr
|2 rdacarrier
|
| 490 |
1 |
|
|a Kultur- und Medientheorie
|
| 505 |
0 |
|
|a Cover Die Rituale der Freimaurer -- INHALT -- Sigelverzeichnis -- Abbildungsverzeichnis -- EINLEITUNG -- ENTWÜRFE DES SELBST IM »FORENSISCHEN LICHT« ESO- UND EXOTERISCHER SPHÄRE -- Das Leland-Locke Manuskript -- Die gesellschaftliche force of morality (Locke) -- Die freimaurerischen Konstitutionen -- Die Freimaurerei im Kontext der Reformation of Manners -- Axiologische Aspekte moralischer Verhaltensregulation in der Freimaurerei -- Lackes Satzungsentwürfe für gesellschaftliche Clubs -- Die Gemeinschaft und ihre Mechanismen der ethischen Verhaltensregulation -- Zwischen Gewerbefleiß und Konsumlust - eine Verhaltenslehre für die Commercial Society -- George Lillos Lehrstück The London Merchant, or The History of George Barnwell ( 1731 ) -- Freimaurerische Parteinahme im Theaterstreit -- Performative Selbstkonstitution im Wechselspiel von Transparenz und lntransparenz -- Räumliche Konstitutionsformen der freimaurerischen Organisation -- Freimaurerei und öffentliche Meinung -- Auseinandertreten von Recht und Moral und die Rolle des Geheimnisses -- IM WIDERSTREIT VON VERKÖRPERUNG UND ENTKÖRPERLICHUNG. ZUR KULTURELLEN CODIERUNG RITUELLER DARSTELLUNGEN DER FREIMAURER -- Die Initiation - eine rituelle Ereignisproduktion -- Freimaurerische Enthüllungsschriften -- Die Inszenierung symbolischer Erlebnisräume -- Das Lehrlingsaufnahme-Ritual (Enter'd Prentice's Degree) -- Vide, aude, tace. Tastende Orientierungsversuche und meisterliche Instruktionen -- Das poetische Drama des Meistergrades(Master Mason's Degree) -- Nekromantische Restauration einer verlorenen Gemeinschaft -- Zur Funktion des Rituals im Kontext einer sittlichen Verfeinerung -- Die Habitusformierung als Zeichenprozess vor dem Hintergrund widerstreitender Technologien des Selbst und ihrer Repräsentation im Ritual -- Hermetische Traditionslinien.
|
| 505 |
8 |
|
|a Das Ritual als symbolische Manifestation eines kollektiven Imaginären -- Die doppelte Identität des modernen Selbst -- Zeremonielle Ordnung und spielerische Übertretungen -- Leben in zwei symbolischen Körperordnungen oder Der Unterschied zwischen einer dun cow und einer dun hummle cow -- MORALITÄT UND SITTE ALS NEUFUNDIERTES WECHSELVERHÄLTNIS IM SPANNUNGSFELD VON MODERNEM HEDONISMUS UND SOZIALER DISZIPLINIERUNG -- Oh, Merry Masonry! -- Von Mock Masons, Gormogonen und Scald Miserables -- Freimaurerische Ethisierungsschübe und die Ausbildung einer englischen Reformbewegung -- Der freimaurerische Charakter und die Mechanismen seiner Formierung (Masonicus-Aufsätze 1797) -- Moderation eigennütziger Leidenschaften -- Die Macht der Assoziation im Prozess der Formung eines Habitus der Uneigennützigkeit -- Linien einer modernen Habitusethik -- John Tolands Pantheistikon (1720) -- Die gemeinschaftliche energy of practice -- Einübungs- oder Habitusethik - Ansätze zur Bestimmung der freimaurerischen Ethikkonzeption -- SCHLUSSBETRACHTUNG -- ANHANG -- Literatur -- Leland-Locke: »Ancient MS on Free Masonry -- Quellennachweise.
|
| 588 |
|
|
|a Description based on publisher supplied metadata and other sources.
|
| 590 |
|
|
|a Electronic reproduction. Ann Arbor, Michigan : ProQuest Ebook Central, 2023. Available via World Wide Web. Access may be limited to ProQuest Ebook Central affiliated libraries.
|
| 655 |
|
4 |
|a Electronic books.
|
| 776 |
0 |
8 |
|i Print version:
|a Hasselmann, Kristiane
|t Die Rituale der Freimaurer
|d Bielefeld : transcript,c2015
|z 9783899428032
|
| 797 |
2 |
|
|a ProQuest (Firm)
|
| 830 |
|
0 |
|a Kultur- und Medientheorie
|
| 856 |
4 |
0 |
|u https://ebookcentral.proquest.com/lib/matrademy/detail.action?docID=6955749
|z Click to View
|